[Event "Koge Lang Sommer Weekend"]
[Site "Koge"]
[Date "2020.07.24"]
[Round "4"]
[White "Koch Muller, Jesper"]
[Black "Larsen, Hans Haagen"]
[Result "0-1"]
[WhiteElo "1164"]
[BlackElo "1681"]
[PlyCount "86"]
[EventDate "2020.07.22"]
[EventType "swiss"]
[EventRounds "7"]
[EventCountry "DEN"]
[SourceTitle "EXT 2021"]
[Source "ChessBase"]
[SourceDate "2020.10.23"]
[SourceVersion "1"]
[SourceVersionDate "2020.10.23"]
[SourceQuality "1"]

1. c4 e5 2. Nc3 Nc6 3. g3 g6 4. Bg2 Bg7 5. e3 f5 6. Nge2 Nf6 7. 0-0 0-0 8. a3 d6 9. e4 Ne7 10. d4 Nxe4 11. Nxe4 fxe4 12. Bxe4 Nf5 13. d5 a5 14. Nc3 Bd7 15. Bg2 a4 16. Ne4 Nd4 17. Nd2 b5 18. b3 axb3 19. Nxb3 bxc4 20. Nxd4 exd4 21. Rb1 Ba4 22. Qd2 c3 23. Qd3 Rb8 24. Rb4 Rxb4 25. axb4 Qb8 26. Ba3 Bb5 27. Qc2 Bxf1 28. Bxf1 Qa8 29. Qb3 Qa7 30. Bd3 Ra8 31. Bc1 Qa1 32. Qc2 Bh6 33. Kg2 Qxc1 34. Qe2 Qd2 35. Qe6+ Kh8 36. Qf6+ Bg7 37. Qe7 Rf8 38. Be2 Kg8 39. Qe6+ Rf7 40. Kf1 c2 41. Bg4 c1Q+ 42. Kg2 Qxf2+ 43. Kh3 Qh6+ 0-1

[Event "Copenhagen Bronshoj op"]
[Site "Copenhagen"]
[Date "2017.02.12"]
[Round "3"]
[White "Liu, Casper Yukun"]
[Black "Koch Muller, Jesper"]
[Result "1-0"]
[WhiteElo "1765"]
[BlackElo "1172"]
[PlyCount "71"]
[EventDate "2017.02.10"]
[EventType "swiss"]
[EventRounds "7"]
[EventCountry "DEN"]
[SourceTitle "CBM 176 Extra"]
[Source "ChessBase"]
[SourceDate "2017.03.02"]
[SourceVersion "1"]
[SourceVersionDate "2017.03.02"]
[SourceQuality "1"]

1. e4 e5 2. Bc4 Nf6 3. d4 d5 4. exd5 Nxd5 5. dxe5 Be6 6. Ne2 Be7 7. 0-0 Nc6 8. f4 f5 9. Bb5 Bc5+ 10. Kh1 0-0 11. Bxc6 bxc6 12. Nd4 Qd7 13. Nb3 Be3 14. c4 Bxc1 15. cxd5 Bxb2 16. dxe6 Qxd1 17. Rxd1 Bxa1 18. Nxa1 Rad8 19. Rd7 Rb8 20. Nb3 Rfd8 21. N1d2 Rxd7 22. exd7 Rd8 23. e6 Kf8 24. Nd4 Ke7 25. Nxc6+ Kxe6 26. Nxd8+ Kxd7 27. Nf7 c5 28. Ne5+ Ke6 29. Kg1 Kd5 30. Kf2 Kd4 31. Nb3+ Kc3 32. Nxc5 a5 33. Nb3 a4 34. Nc5 a3 35. Ne6 Kb2 36. Nc4+ 1-0

[Event "Taastrup Quick Weekend 13th B4"]
[Site "Taastrup"]
[Date "2011.04.03"]
[Round "4"]
[White "Koch Muller, Jesper"]
[Black "Koch Muller, Victor"]
[Result "0-1"]
[WhiteElo "1000"]
[BlackElo "1000"]
[PlyCount "62"]
[EventDate "2011.04.01"]
[EventType "swiss"]
[EventRounds "5"]
[EventCountry "DEN"]
[SourceTitle "EXT 2023"]
[Source "ChessBase"]
[SourceDate "2022.10.05"]
[SourceVersion "1"]
[SourceVersionDate "2022.10.05"]
[SourceQuality "1"]

1. d4 d5 2. Bf4 Nf6 3. e3 Bf5 4. Nc3 Ne4 5. Nb5 Na6 6. Qe2 c6 7. 0-0-0 Qa5 8. Nc7+ Nxc7 9. Rd3 Nxf2 10. Qxf2 Bxd3 11. Bxd3 0-0-0 12. c3 Qxa2 13. Bb1 Qa6 14. Be5 f6 15. Bf4 g5 16. Bf5+ e6 17. Bxe6+ Nxe6 18. Bg3 Qa1+ 19. Kc2 Qa4+ 20. Kd3 Bd6 21. Ne2 Bxg3 22. Nxg3 c5 23. Qxf6 Rde8 24. Nf5 Rhf8 25. Nd6+ Kd7 26. Qe5 Re7 27. Qxg5 Nxg5 28. g4 Rf2 29. Rc1 Nf3 30. c4 Qb3+ 31. Rc3 Qd1# 0-1

[Event "Taastrup Quick Weekend 13th B4"]
[Site "Taastrup"]
[Date "2011.04.03"]
[Round "5"]
[White "Koch Muller, Jesper"]
[Black "Petersen, Albert Emil Lyng"]
[Result "0-1"]
[WhiteElo "1000"]
[BlackElo "1088"]
[PlyCount "68"]
[EventDate "2011.04.01"]
[EventType "swiss"]
[EventRounds "5"]
[EventCountry "DEN"]
[SourceTitle "EXT 2023"]
[Source "ChessBase"]
[SourceDate "2022.10.05"]
[SourceVersion "1"]
[SourceVersionDate "2022.10.05"]
[SourceQuality "1"]

1. d4 d5 2. Bf4 Nc6 3. e3 Nf6 4. Nd2 Bf5 5. c3 e6 6. Ngf3 Bd6 7. Qe2 Bxf4 8. exf4 Qd6 9. g3 Ne7 10. Qb5+ c6 11. Qxb7 0-0 12. c4 Ne4 13. Be2 c5 14. Bd3 cxd4 15. Nxd4 Rfb8 16. Nb5 Rxb7 17. Nxd6 Nxd6 18. Bxf5 Nexf5 19. c5 Ne4 20. Nf3 f6 21. c6 Rxb2 22. Rc1 Nfd6 23. h4 Rxa2 24. h5 Nxf2 25. Rh2 Nd3+ 26. Kd1 Rxh2 27. Nxh2 Nxc1 28. Kxc1 Rc8 29. Ng4 Rxc6+ 30. Kd2 f5 31. Ne5 Nc4+ 32. Kd3 Nxe5+ 33. fxe5 a5 34. Ke3 Rc4 0-1

[Event "Taastrup Quick Weekend 12th B4"]
[Site "Taastrup"]
[Date "2010.10.03"]
[Round "4"]
[White "Larsen, Oliver Hojgaard"]
[Black "Koch Muller, Jesper"]
[Result "1/2-1/2"]
[WhiteElo "1000"]
[BlackElo "1000"]
[PlyCount "136"]
[EventDate "2010.10.01"]
[EventType "tourn"]
[EventRounds "5"]
[EventCountry "DEN"]
[SourceTitle "EXT 2023"]
[Source "ChessBase"]
[SourceDate "2022.10.05"]
[SourceVersion "1"]
[SourceVersionDate "2022.10.05"]
[SourceQuality "1"]

1. e4 e5 2. Nf3 Nf6 3. Nc3 Bc5 4. d4 Bb6 5. dxe5 Ng4 6. Be3 Nxe3 7. fxe3 Bxe3 8. Qd3 Bb6 9. Na4 Ba5+ 10. c3 Nc6 11. b4 Nxb4 12. cxb4 Bxb4+ 13. Nc3 0-0 14. Be2 Re8 15. 0-0 Re6 16. Qc4 a5 17. Nd5 Rc6 18. Qb3 Bc5+ 19. Kh1 a4 20. Qc3 b6 21. Nd4 Bb4 22. Nxc6 Bxc3 23. Nxd8 Bxa1 24. Rxa1 c6 25. Ne7+ Kf8 26. Nxc8 Rxc8 27. Nb7 c5 28. Nd6 Rc6 29. Bg4 f6 30. Bxd7 Rc7 31. Bxa4 fxe5 32. Rf1+ Ke7 33. Nf5+ Kf6 34. Ne3+ Ke6 35. Bb3+ Kd6 36. Rd1+ Kc6 37. Ba4+ b5 38. Nd5 Rb7 39. Nc3 bxa4 40. Nxa4 Ra7 41. Nc3 c4 42. Rb1 Ra3 43. Rc1 Kc5 44. Rc2 g5 45. g3 h5 46. Kg2 g4 47. h3 Ra7 48. Rf2 Ra3 49. Rf5 Rxc3 50. Rxe5+ Kd4 51. Rxh5 Rc2+ 52. Kg1 c3 53. Rf5 Rxa2 54. Rf1 Ke3 55. Re1+ Kf3 56. Rf1+ Kxg3 57. e5 gxh3 58. e6 h2+ 59. Kh1 Ra4 60. e7 Ra8 61. Rc1 Rc8 62. Rc2 Ra8 63. Rxc3+ Kh4 64. Kxh2 Re8 65. Rc4+ Kg5 66. Rc7 Kf6 67. Kg3 Rxe7 68. Rxe7 Kxe7 1/2-1/2

[Event "Taastrup Quick Weekend 12th B4"]
[Site "Taastrup"]
[Date "2010.10.02"]
[Round "2"]
[White "Mejlvang, Magnus"]
[Black "Koch Muller, Jesper"]
[Result "1-0"]
[WhiteElo "1191"]
[BlackElo "1000"]
[PlyCount "45"]
[EventDate "2010.10.01"]
[EventType "tourn"]
[EventRounds "5"]
[EventCountry "DEN"]
[SourceTitle "EXT 2023"]
[Source "ChessBase"]
[SourceDate "2022.10.05"]
[SourceVersion "1"]
[SourceVersionDate "2022.10.05"]
[SourceQuality "1"]

1. e4 e5 2. Nf3 f6 3. d4 d5 4. dxe5 c6 5. Be2 Ne7 6. exf6 gxf6 7. Nc3 Nd7 8. exd5 cxd5 9. 0-0 Nb6 10. Bb5+ Nd7 11. Re1 Bg7 12. Nxd5 Qa5 13. Rxe7+ Kd8 14. Bxd7 Bxd7 15. Rxg7 Re8 16. Nxf6 Re7 17. Rxe7 Kxe7 18. Nxd7 Rd8 19. Bg5+ Ke8 20. Bxd8 Kxd8 21. Nc5+ Kc8 22. Qd7+ Kb8 23. Qxb7# 1-0